|
|
|
|
| LEADER |
00957nam a2200253 a 4500 |
| 001 |
GR-MES50 |
| 008 |
991111s1989 enk 000 b eng d |
| 020 |
|
|
|a 0245545387
|
| 040 |
|
|
|a GrPaTEI
|b gre
|c GR-PaULI
|
| 245 |
0 |
0 |
|a All about tropical fish.
|
| 250 |
|
|
|a 4η έκδοση
|
| 260 |
|
|
|a London :
|b Harrap,
|c 1989 c1989
|
| 300 |
|
|
|a 480σελ. :
|b 140 έγχρωμες εικ., 200 ασπρόμαυρες εικ.
|
| 504 |
|
|
|a Βιβλιογραφία : σελ. 475
|
| 650 |
|
4 |
|a Αναπαραγγωγή
|
| 650 |
|
4 |
|a Ιχθυοκαλλιέργεια
|
| 650 |
|
4 |
|a ΤΡΟΠΙΚΑ ΨΑΡΙΑ
|
| 700 |
1 |
|
|a Geoffrey, Gerard
|
| 700 |
1 |
|
|a McInerny, Derek
|
| 710 |
0 |
|
|a Harrap
|
| 942 |
|
|
|2 ddc
|
| 952 |
|
|
|0 0
|1 0
|2 ddc
|4 0
|6 639_375000000000000_INE
|7 0
|9 263302
|a MSLG
|b MSLG
|c BSC
|d 2021-01-17
|e 24
|f 0
|g 0.00
|l 0
|o 639.375 INE
|p 2420000001185
|r 2021-01-17 00:00:00
|t 1
|w 2021-01-17
|y BK15
|x 19991111 0 1
|x GrPaTEI
|
| 971 |
|
|
|a .b25710916
|b 15-04-20
|c 13-09-16
|
| 999 |
|
|
|c 151546
|d 151546
|